| 000 | 01455nam a2200373 c 4500 | ||
|---|---|---|---|
| 003 | BLK | ||
| 005 | 20250602155540.0 | ||
| 008 | 180410b bul|||||r ||||||| ||bul|| | ||
| 010 | _aKNG00160449000 | ||
| 020 |
_a978-954-655-353-9 _bиздат.: Бард |
||
| 040 | _aBLK | ||
| 041 |
_aBUL _cBUL |
||
| 072 | 7 |
_2bullib _aН8301 _xТрилъри Н |
|
| 080 |
_aАмериканска литература (на САЩ) _b821.111(73) _x-312.4 _z821.111(73)-312.4 |
||
| 100 | 1 |
_aДемил, Нелсън _eпърви автор _959765 |
|
| 700 |
_aБожилов, Венцислав Божидаров _cТеодосиев, Стефан, 1968- (псевдоним) _d1968- _9367877 |
||
| 139 |
_aДемил, Нелсън _bД 40 |
||
| 245 | 1 | 0 |
_aПантерата _bРоман _cНелсън Демил; прев. Венцислав Божидаров Божилов. |
| 257 | _aUSA | ||
| 260 |
_аСофия _bБард _c2012 _fХасково : Полиграфюг |
||
| 300 |
_a619 с. _c21 см |
||
| 380 | _aX | ||
| 490 | 1 | _aКралете на трилъра | |
| 500 | _aОриг. загл. The Panther / Nelson Demille. | ||
| 653 | _aтрилъри | ||
| 653 | _aромани | ||
| 659 | _aН | ||
| 852 | _aЦб 268619 | ||
| 856 | 4 |
_qpdf _u |
|
| 856 | 4 |
_qpdf _u |
|
| 942 |
_cKNG _n0 _078 |
||
| 944 |
_aCR _c09.05.2014 _lЦветомила Тодорова _k30576 |
||
| 944 |
_aED _c22.01.2015 _lф / _kЛюдмила_Стоянова |
||
| 999 |
_c153884 _d153884 |
||